The effect of the mobile data terminal on the Virginia Beach Police Department and the impact of technology on the history of law enforcement

Gespeichert in:  
Bibliographische Detailangaben
1. VerfasserIn: Corillo, Glenn F. (Verfasst von)
Medienart: Druck Buch
Sprache:Englisch
Veröffentlicht: 2003
In:Jahr: 2003
Verfügbarkeit prüfen: HBZ Gateway
Subito Bestelldienst: Jetzt bestellen.
Schlagwörter:

MARC

LEADER 00000cam a22000002c 4500
001 1183536208
003 DE-627
005 20220525121240.0
007 tu
008 040921s2003 xx ||||| m 00| ||eng c
024 8 |a 3106476  |q Order no. 
035 |a (DE-627)1183536208 
035 |a (DE-576)113536208 
035 |a (DE-599)BSZ113536208 
040 |a DE-627  |b ger  |c DE-627  |e rakwb 
041 |a eng 
100 1 |a Corillo, Glenn F.  |4 aut 
245 1 4 |a The effect of the mobile data terminal on the Virginia Beach Police Department and the impact of technology on the history of law enforcement  |c by Glenn F. Corillo 
264 1 |c 2003 
300 |a V, 162 S. 
336 |a Text  |b txt  |2 rdacontent 
337 |a ohne Hilfsmittel zu benutzen  |b n  |2 rdamedia 
338 |a Band  |b nc  |2 rdacarrier 
502 |a Regent Univ., Diss., 2003 
583 1 |a Archivierung prüfen  |c 20200919  |f DE-640  |z 1  |2 pdager 
655 7 |a Hochschulschrift  |0 (DE-588)4113937-9  |0 (DE-627)105825778  |0 (DE-576)209480580  |2 gnd-content 
751 |a Virginia Beach, Va.  |0 (DE-588)4127130-0  |0 (DE-627)703021095  |0 (DE-576)209591056  |4 uvp 
935 |a mkri 
951 |a BO 
ELC |b 1 
LOK |0 000 xxxxxcx a22 zn 4500 
LOK |0 001 2446989926 
LOK |0 003 DE-627 
LOK |0 004 1183536208 
LOK |0 005 20040921000000 
LOK |0 008 040921||||||||||||||||ger||||||| 
LOK |0 040   |a DE-Frei85  |c DE-627  |d DE-Frei85 
LOK |0 852   |z Kopie, erschienen im Verlag Univ. Microfilms Internat., Ann Arbor, 2004 
LOK |0 852   |a DE-Frei85 
LOK |0 852 1  |m p  |9 00 
LOK |0 938   |k p 
LOK |0 939   |a 21-09-04  |b l01 
ORI |a SA-MARC-krimdoka001.raw